000 00546nam a2200193 a 4500
001 21225
005 20180713214932.0
008 140415s1974 mx 000 0 spa d
041 _aspa
082 _a121
_bCAS
100 1 _aCASSIRER, ERNEST
245 1 0 _aANTROPOLOGIA FILOSOFICA :
_bINTRODUCCION A UNA FILOSOFIA DE LA CULTURA
250 _a3a ed.
260 _aMEXICO :
_bFONDO DE CULTURA ECONOMICA,
_c1974
300 _a335
490 _aPOPULAR
_v41
650 1 4 _aANTROPOLOGIA FILOSOFICA
700 1 _aIMAZ, EUGENIO
_etr.
999 _c21225
_d21225